000 01160 a2200277 4500
001 43865
005 20260407155719.0
008 260407a2016 arg spa d
003 AR-UNSa-BCEJYS
040 _aAR-UNSa-BCEJYS
_bspa
_cAR-UNSa-BCEJYS
080 _a512.64
_xAlgebra lineal y multilineal
245 1 0 _aÁlgebra lineal y sus aplicaciones
020 _a978-607-32-3745-1
250 _a5a. ed.
264 1 _aMéxico :
_bPearson Educación
_c2016
300 _axiv, 494 p.
_c27 cm.
505 _a1. Ecuaciones lineales en álgebra lineal - 2. Álgebra de matrices - 3. Determinantes - 4. Espacios vectoriales - 5. Valores propios y vectores propios - 6. Ortogonalidad y mínimos cuadrados - 7. Matrices simétricas y formas cuadráticas - 8. Geometría de espacios vectoriales - 9. Optimization - 10. Finite-State Markov Chains
041 _aspa
942 _cBK
590 _aniveau_biblio:m niveau_hierar:0
100 1 _aLay, David C.
700 1 _aLay, Steven R.
700 1 _aNagore Cázares, Gabriel
700 1 _aMcDonald, Judi J.
856 4 1 _uhttps://biblioeco.unsa.edu.ar/pmb/images/libros/L126803.jpg
_yImagen de portada
_qimage/jpeg
999 _c3733
_d3733